000 00694nam a22002417a 4500
003 BUBTL
008 231113b ||||| |||| 00| 0 eng d
020 _a978984928801
041 _aeng
082 _2Ist ed.
_a954.92/ R1293a/ 2018
245 _aA State from Scratch/
_b
_cAninda Rahman
250 _aIst ed.
260 _aDhaka :
_bCharcha,
_cc2018
300 _a95 p. :
_bills ;
_c18 cm.
505 _aA State from Scratch, Aninda Rahman, Bangabandhu
526 _aBangabandhu
650 0 _94372
_aBangabandhu
650 0 _93573
_aবঙ্গবন্ধু
700 _95574
_aRahman, Aninda
856 _k0
_l0
_yDownload
942 _2ddc
_cBK
999 _c7135
_d7135